000 00542cab a2200205 4500
001 X1232
008 090401t1993 xxu||||| |||| 00| 0 eng d
035 _a(Sirsi) u15682
041 _aeng
100 _aChapman, D.
245 _aHAZMAP - a remote measurement system for hazardous environments
260 _c1993
350 _a0
490 _aSurveying World
_v2(1) November 1993, 21-23(2)
650 _aCOMPUTER AIDED DESIGN
650 _aREMOTE MEASURING
690 _aMAPPING AND MEASUREMENT
942 _n0
948 _c04/03/1997
999 _c10310
_d10310